000 00318nam a2200133 i 4500
001 bg
100 1 _aKOSEWIC, A. M.
245 0 _aOsnowy mechaniki kristalliceskoj resetki /
_cA.M. Kosewic.
260 _aMoskwa,
_c1972.
040 _cBPK
041 _apol
942 _cKS
008 s pl f |000 0 pol
999 _c14655
_d14655
856 _uhttp://koha.tu.koszalin.pl/cgi-bin/koha/opac-detail.pl?biblionumber=14655
_yKatalog online BPK